000 00608cam a2200205 4500500
005 20260405001850.0
041 _afre
042 _adc
100 1 0 _aMichaud, Yves
_eauthor
245 0 0 _aDacia Lodgy (2012). Le travail du consommateur
260 _c2014.
500 _a3
690 _aConsommation
690 _aOstentation
690 _aUtilité
690 _aVoiture
690 _aYves Michaud
786 0 _nPhilosophie magazine | 83 | 10 | 2014-10-01 | p. 20-20 | 1951-1787
856 4 1 _uhttps://shs.cairn.info/magazine-philosophie-magazine-2014-10-page-20?lang=fr&redirect-ssocas=7080
999 _c2051833
_d2051833